| 000 -ლიდერი |
| ფიქსირებული სიგრძის საკონტროლო ველი |
01518nam a2200289Ia 4500 |
| 001 - საკონტროლო ნომერი |
| საკონტროლო ველი |
20348 |
| 003 - საკონტროლო ნომრის იდენტიფიკატორი |
| საკონტროლო ველი |
GE_BSU |
| 005 - ბოლო ოპერაციის თარიღი და დრო |
| საკონტროლო ველი |
20200927225445.0 |
| 008 - ფიქსირებული სიგრძის მონაცემთა ელემენტები - ზოგადი ინფორმაცია |
| ფიქსირებული სიგრძის საკონტროლო ველი |
181216s1989||||ge |||||||||||||| ||geo|| |
| 040 ## - კატალოგიზაციის წყარო |
| Transcribing agency |
GE_BSU |
| 041 ## - ენის კოდი |
| Language code of text/sound track or separate title |
geo |
| 080 ## - უნივერსალური ათობითი კლასიფიკაციის ინდექსი |
| Universal Decimal Classification number |
811.353.1(072) ქ-27 |
| 100 ## - მთავარი ჩანაწერი - პიროვნების სახელი |
| Personal name |
რამიშვილი, ვ. |
| 9 (RLIN) |
6912 |
| 245 ## - ცნობა სათაურის შესახებ |
| Title |
ქართული ენის გაკვეთილები IV კლასში : |
| Remainder of title |
მეთოდ. რეკომენდაციები მასწ. დასახმ. / |
| Statement of responsibility, etc |
ვ. რამიშვილი, მ. ჩინჩალაძე, ტ. სულაბერიძე, ნ. მაღლაკელიძე ; რედ. ნ.ჭყოიძე. |
| 264 ## - წარმოების, გამოცემის, დისტრიბუციის და სხვა ცნობები |
| გამოცემის, წარმოების, დისტრიბუციის... ადგილი |
თბილისი : |
| გამოცემის, წარმოების, დისტრიბუციის... სახელწოდება |
განათლება, |
| გამოცემის, წარმოების, დისტრიბუციის... თარიღი |
1989. |
| 300 ## - ფიზიკური აღწერა |
| Extent |
250 გვ. ; |
| Dimensions |
22 სმ. |
| 653 ## - INDEX TERM--UNCONTROLLED |
| Uncontrolled term |
გაკვეთილის ჩატარების მეთოდიკა |
| 653 ## - INDEX TERM--UNCONTROLLED |
| Uncontrolled term |
ქართული ენის სწავლების მეთოდიკა |
| 653 ## - INDEX TERM--UNCONTROLLED |
| Uncontrolled term |
ქართული ენა |
| 700 ## - ADDED ENTRY--PERSONAL NAME |
| Personal name |
რამიშვილი, ვ. |
| Relator term |
ავტორი |
| 9 (RLIN) |
6912 |
| 700 ## - ADDED ENTRY--PERSONAL NAME |
| Personal name |
ჩინჩალაძე, მ. |
| Relator term |
ავტორი |
| 9 (RLIN) |
7311 |
| 700 ## - ADDED ENTRY--PERSONAL NAME |
| Personal name |
სულაბერიძე, ტ. |
| Relator term |
ავტორი |
| 9 (RLIN) |
9557 |
| 700 ## - ADDED ENTRY--PERSONAL NAME |
| Personal name |
მაღლაკელიძე, ნ. |
| Relator term |
ავტორი |
| 9 (RLIN) |
9558 |
| 700 ## - ADDED ENTRY--PERSONAL NAME |
| Personal name |
ჭყოიძე, ნ. |
| Relator term |
რედაქტორი |
| 9 (RLIN) |
9559 |
| 942 ## - ADDED ENTRY ELEMENTS (KOHA) |
| Koha item type |
წიგნი |
| Source of classification or shelving scheme |
|